<?xml version="1.0" encoding="UTF-8"?>
<record
    xmlns:xsi="http://www.w3.org/2001/XMLSchema-instance"
    xsi:schemaLocation="http://www.loc.gov/MARC21/slim http://www.loc.gov/standards/marcxml/schema/MARC21slim.xsd"
    xmlns="http://www.loc.gov/MARC21/slim">

  <leader>00495nam a22001697a 4500</leader>
  <controlfield tag="005">20260514100016.0</controlfield>
  <controlfield tag="008">260514b        |||||||| |||| 00| 0 eng d</controlfield>
  <datafield tag="020" ind1=" " ind2=" ">
    <subfield code="a">9781394228362</subfield>
  </datafield>
  <datafield tag="041" ind1=" " ind2=" ">
    <subfield code="a">Eng</subfield>
  </datafield>
  <datafield tag="082" ind1=" " ind2=" ">
    <subfield code="a">658.15 ALE</subfield>
  </datafield>
  <datafield tag="100" ind1=" " ind2=" ">
    <subfield code="a">Alexander, Jack</subfield>
  </datafield>
  <datafield tag="245" ind1=" " ind2=" ">
    <subfield code="a">Financial Management: Partner in Driving Performance and Value</subfield>
  </datafield>
  <datafield tag="260" ind1=" " ind2=" ">
    <subfield code="a">Hoboken, New Jersey</subfield>
    <subfield code="b"> Wiley</subfield>
    <subfield code="c">2024</subfield>
  </datafield>
  <datafield tag="300" ind1=" " ind2=" ">
    <subfield code="a">702;. P. 26 cm</subfield>
  </datafield>
  <datafield tag="650" ind1=" " ind2=" ">
    <subfield code="a">Business enterprises--Finance;  Corporations--Finance</subfield>
  </datafield>
  <datafield tag="942" ind1=" " ind2=" ">
    <subfield code="c">BK</subfield>
  </datafield>
  <datafield tag="999" ind1=" " ind2=" ">
    <subfield code="c">46578</subfield>
    <subfield code="d">46578</subfield>
  </datafield>
  <datafield tag="952" ind1=" " ind2=" ">
    <subfield code="0">0</subfield>
    <subfield code="1">0</subfield>
    <subfield code="2">ddc</subfield>
    <subfield code="4">0</subfield>
    <subfield code="7">0</subfield>
    <subfield code="a">IMTN</subfield>
    <subfield code="b">IMTN</subfield>
    <subfield code="c">Rack 23-A</subfield>
    <subfield code="d">2026-05-14</subfield>
    <subfield code="e">Raghav Books Private Limited</subfield>
    <subfield code="g">8092.00</subfield>
    <subfield code="i">2630</subfield>
    <subfield code="l">0</subfield>
    <subfield code="o">658.15 ALE</subfield>
    <subfield code="p">34045</subfield>
    <subfield code="r">2026-05-14 04:31:55</subfield>
    <subfield code="t">33</subfield>
    <subfield code="v">5421.64</subfield>
    <subfield code="w">2026-04-30</subfield>
    <subfield code="y">BK</subfield>
    <subfield code="z">Recommended by Dr. Gajavelli V S</subfield>
  </datafield>
</record>
